00509nam a2200193Ii 4500001000400000003000900004008004100013020001500054040003300069041000800102084001100110100001600121245002200137264006300159300001200222336002600234337002800260338002700288137CO-ViMGA241108s9999||||xx |||||||||||||| ||und|| a8420458287 aCO-ViMGAbspaerdacCO-ViMGA0 aspa aC BER61 aRoy Berocay10aUn mundo perfecto 1a[Lugar de publicación no identificado] : Alfaguara, 2000 avolumen atextbtxt2rdacontent aunmediatedbn2rdamedia avolumebnc2rdacarrier